Literature - European | 2 | 8 | 0 | 0 | 110 | 58 | 92.40 | 0 | 0 |
Literature - World and Miscellaneous | 2 | 2 | 0 | 0 | 50 | 51 | 80.75 | 0 | 1 |
History - European | 0 | 4 | 0 | 0 | 40 | 66 | 101.50 | 0 | 0 |
Literature - British | 1 | 2 | 0 | 0 | 35 | 57 | 89.67 | 0 | 0 |
RMP - Greco-Roman Mythology | 0 | 3 | 0 | 0 | 30 | 74 | 84.33 | 0 | 1 |
Social Science - Psychology | 1 | 0 | 0 | 0 | 15 | 34 | 34.00 | 0 | 0 |
History - World | 1 | 0 | 0 | 0 | 15 | 52 | 52.00 | 0 | 0 |
Science - Engineering and Miscellaneous | 0 | 1 | 0 | 0 | 10 | 113 | 113.00 | 0 | 0 |
RMP - Christian Practice | 0 | 1 | 0 | 0 | 10 | 114 | 114.00 | 0 | 0 |
Literature - American | 0 | 1 | 0 | 0 | 10 | 81 | 81.00 | 0 | 1 |
Other - Other Academic and General Knowledge | 0 | 1 | 0 | 0 | 10 | 89 | 89.00 | 0 | 0 |
Geography - Europe | 0 | 1 | 0 | 0 | 10 | 138 | 138.00 | 0 | 0 |
RMP - Islam | 0 | 1 | 0 | 0 | 10 | 116 | 116.00 | 0 | 0 |
RMP - Philosophy | 0 | 1 | 0 | 0 | 10 | 105 | 105.00 | 0 | 0 |
RMP - World Mythology | 0 | 1 | 0 | 0 | 10 | 65 | 65.00 | 0 | 0 |
RMP - Jewish Practice | 0 | 0 | 0 | 0 | 0 | | 0.00 | 0 | 0 |